[Event "Klatovy op-B 24th"]
[Site "Klatovy"]
[Date "2018.07.06"]
[Round "7"]
[White "Dolezal, Martin1"]
[Black "Matejka, Jaromir"]
[Result "1-0"]
[WhiteElo "2096"]
[BlackElo "1570"]
[PlyCount "63"]
[EventDate "2018.06.30"]
[EventType "swiss"]
[EventRounds "9"]
[EventCountry "CZE"]
[SourceTitle "EXT 2019"]
[Source "ChessBase"]
[SourceDate "2018.10.10"]
[SourceVersion "1"]
[SourceVersionDate "2018.10.10"]
[SourceQuality "1"]

1. e4 e6 2. d4 d5 3. exd5 exd5 4. Nc3 Be6 5. g3 c6 6. Nge2 Nf6 7. Nf4 Bf5 8. Be2 Bb4 9. Bd2 0-0 10. g4 Bg6 11. f3 h6 12. g5 Nh7 13. gxh6 Qh4+ 14. Kf1 gxh6 15. Qe1 Qf6 16. Rg1 Kh8 17. Nxg6+ fxg6 18. Bxh6 Re8 19. Qg3 Nd7 20. Qxg6 Qxg6 21. Rxg6 Rg8 22. Bd3 Bf8 23. Rxg8+ Kxg8 24. Bxh7+ Kxh7 25. Bxf8 Rxf8 26. Kf2 Rf4 27. Ne2 Rh4 28. Kg3 Rh6 29. Re1 Re6 30. h3 Nf6 31. Kf2 Nh5 32. Ng1 1-0

[Event "Klatovy op-B 24th"]
[Site "Klatovy"]
[Date "2018.07.01"]
[Round "2"]
[White "Matejka, Jaromir"]
[Black "Hartmann, Andreas1"]
[Result "1-0"]
[WhiteElo "1570"]
[BlackElo "1847"]
[PlyCount "57"]
[EventDate "2018.06.30"]
[EventType "swiss"]
[EventRounds "9"]
[EventCountry "CZE"]
[SourceTitle "CBM 185 Extra"]
[Source "ChessBase"]
[SourceDate "2018.07.29"]
[SourceVersion "1"]
[SourceVersionDate "2018.07.29"]
[SourceQuality "1"]

1. e4 d5 2. exd5 Qxd5 3. Nc3 Qd8 4. d4 c6 5. Nf3 Nf6 6. Be2 h6 7. 0-0 Bf5 8. h3 e6 9. Bd3 Bxd3 10. Qxd3 Qc7 11. Ne5 Nbd7 12. Bf4 Bd6 13. Rfe1 Bxe5 14. dxe5 Nh5 15. Bh2 g5 16. Ne4 Nf4 17. Bxf4 gxf4 18. Nd6+ Kf8 19. Qe4 f3 20. Qf4 Rh7 21. gxf3 Rd8 22. Rad1 Qb6 23. b3 Rg7+ 24. Kf1 Qa5 25. c4 Qb4 26. Qxh6 Kg8 27. Qh4 Rf8 28. Ne4 Rg6 29. Ng5 1-0